000 00767nam a2200241Ia 4500
003 OSt
005 20220927103133.0
006 a|||||r|||| 00| 0
007 ta
008 220926b |||||||| |||| 00| 0 eng d
024 _a17488
037 _cReference Collections
040 _aRTL
_cRTL
_beng
041 _2eng
_aeng
082 _a"Y:5s, M0/UN"
110 _a"United Nations, Technical Co-operation For Development (Deptt of-)"
_9353424
245 0 _aDemographic evaluation and analysis of population
260 _aNew
_bYork UN
_c1980
300 _a"iv,30p"
_ccm.
700 _a"United Nations, Technical Co-operation For Development (Deptt of-)"
_9353425
942 _h"Y:5s, M0/UN"
_cCC
999 _c680750
_d680750